=LDR 00000nam 2200000 4500 =001 INLIS000000000031286 =005 20130612133351 =008 ***********************************ind** =035 ##$$0010-061300000031286 =041 ##$$a ind =082 ##$$a 621. 381 =090 ##$$a 621. 381 , Pet e =100 ##$$a Petruzella, Frank D =245 ##$$a Elektronik Industri, Frank D Petruzella; penerjemah, Sumanto =260 ##$$a 1996 $b Yogyakarta =300 ##$$a xvi, 721 hlm. , ilus. , 23 cm =650 ##$$a Elektronik =650 ##$$a Industri =700 ##$$a Sumanto =850 ##$$a NBPNMAT =990 ##$$a 13891389